000 00721nam a2200205Ia 4500
005 20260121110028.0
008 008 260114s9999 xx 000 0 hin d
020 _a9788132357537
037 _aEBOOK
040 _aCRL
_bhin
_cCRL
041 _ahin
_2hin
084 _qCRL
100 _aनिखिल पचौरी / Nikhil Pachori
_9941175
245 0 _aव्यावसायिक वृक्षः उत्पादन एवं रख-रखाव / Vyavsayik Vriksh: Utpadan aur Rakh-Rakhav
260 _bभाषा प्रकाशन / Bhasha Prakashan
_c2021
856 _uhttps://bhashaprakashan.com/product-details/378894
942 _cEBOOK
999 _c1532840
_d1532840